|
|
|
|
| LEADER |
00000cam a2200000 4500 |
| 001 |
vtls011877165 |
| 003 |
SK-MaSNL |
| 005 |
20260301185137.0 |
| 008 |
210624s2019 xo a b fp 000 0 slo |
| 015 |
|
|
|a SNBA2020/06
|
| 020 |
|
|
|a 9788081403859
|q (brožované)
|
| 035 |
|
|
|a 242AEE7C-6091-43E7-BA30-5F55E1379237
|
| 035 |
|
|
|a urn:nbn:sk:snk-am3if9r
|
| 035 |
|
|
|a urn:nbn:sk:snk-am00e84b
|
| 040 |
|
|
|a SNK
|b slo
|c SNK
|e rda
|
| 041 |
0 |
|
|a slo
|
| 044 |
|
|
|a xo
|c SK
|
| 072 |
|
7 |
|a 51
|x Matematika
|2 konspekt
|
| 072 |
|
7 |
|a 0/9-053.2
|x Literatúra pre deti a mládež (náučná)
|2 konspekt
|
| 080 |
|
|
|a 51
|2 2011
|
| 080 |
|
|
|a 512.1
|2 2011
|
| 080 |
|
|
|a 373.3.016
|2 2011
|
| 080 |
|
|
|a (076.1)
|2 2011
|
| 080 |
|
|
|a (0.053.2)
|2 2011
|
| 100 |
1 |
|
|a Kováčová, Barbora,
|d 1975-
|4 aut
|9 213679
|
| 245 |
1 |
0 |
|a KuliFerdo
|b pre žiakov 1. až 4. ročníka ZŠ na rozvíjanie špecifických funkcií : zameranie na matematiku
|n 5
|p Slovné úlohy
|c autori: Barbora Kováčová, Michaela Hanáková ; ilustrátor: Andrea Matejčeková
|
| 246 |
3 |
0 |
|a Slovné úlohy
|
| 250 |
|
|
|a Vydanie: prvé
|
| 264 |
|
1 |
|a Bratislava
|b RAABE
|c 2019
|
| 300 |
|
|
|a 36 strán
|b ilustrácie
|c 30 cm
|
| 336 |
|
|
|a text
|b txt
|2 rdacontent
|
| 337 |
|
|
|a bez média
|b n
|2 rdamedia
|
| 338 |
|
|
|a zväzok
|b nc
|2 rdacarrier
|
| 500 |
|
|
|a Obálkový podnázov
|
| 650 |
0 |
7 |
|a matematika
|2 SNKPH
|9 70174
|
| 650 |
0 |
7 |
|a slovné úlohy
|2 SNKPH
|9 75512
|
| 650 |
0 |
7 |
|a učivo základných škôl
|2 SNKPH
|9 63300
|
| 650 |
0 |
7 |
|a Mathematics
|2 SNKPHeng
|9 265620
|
| 650 |
0 |
7 |
|a Verbal problems
|2 SNKPHeng
|9 346694
|
| 650 |
0 |
7 |
|a Elementary school curriculum
|2 SNKPHeng
|9 306214
|
| 655 |
|
7 |
|a pracovné zošity
|2 SNKPH
|9 70188
|
| 655 |
|
7 |
|a publikácie pre deti
|2 SNKPH
|9 70148
|
| 655 |
|
7 |
|a Activity books
|2 SNKPHeng
|9 302885
|
| 655 |
|
7 |
|a Publications for children
|2 SNKPHeng
|9 276792
|
| 700 |
1 |
|
|a Hanáková, Michaela
|4 aut
|9 433789
|
| 700 |
1 |
|
|a Matejčeková, Andrea
|4 ill
|9 161720
|
| 919 |
|
|
|a 978-80-8140-385-9
|
| 999 |
|
|
|c 862939
|d 864869
|
| 952 |
|
|
|a SNK
|b SNK
|y PREZ
|7 0
|p 17A1417512
|o snkOSB 19991/5
|i snk2020/5808
|8 0
|0 0
|1 0
|4 0
|d 2020-03-05
|f 1
|l 0
|r 2026-02-24 05:17:43
|w 2026-02-24
|
| 952 |
|
|
|a SNK
|b SNK
|y VYP
|7 0
|p 17A1417513
|o snkOSB 19991/5 D1
|i snk2020/5809
|8 0
|0 0
|1 0
|4 0
|d 2020-03-05
|l 0
|r 2026-02-24 05:17:43
|w 2026-02-24
|